01773nam a2200325 a 4500001001000000005001700010008004100027041000800068044000800076084002000084100005000104245021100154260004000365300001700405500024400422500023100666500001100897546002400908650005700932650006100989650003901050650005001089700005501139700005301194740005001247902000801297942001101305999001501316952011601331BRCA_335520190320204235.0260309s1891----enk#---###---#000-0#eng-# aeng aenk a649b.B46c18911 aCervantes Saavedra, Miguel ded1547-1616921310aThe Achievements of the Ingenious Gentleman Don Quixote de la ManchacBy Miguel de Cervantes Saavedra; A Translation Based on that of Peter Anthony Motteux with the Memoir and Notes of John Gibson Lockhart. aLondresbGeorge Bell and Sonsc1891 a2 v.c19 cm. aContenido : v.1. Primera parte. Retrato de Cervantes. Prefacio del editor. Vida de Cervantes por Lockhart. Dedicatoria y prólogo de Cervantes. Versos preliminares. Notas. -- v.2. Segunda parte. Dedicatoria y prólogo de Cervantes. Notas aTraducción anónima basada en la versión de Motteux, con un ensayo sobre la vida de Cervantes escrito por J. G. Lockhart, inspirado en el de M. Fernández de Navarrete, y notas del mismo biógrafo. Tela Lúdovik Osterc aQM1000 aTexto en : inglés14aNovela españolayÉpoca clásica, 1500-1700921514aLiteratura españolayÉpoca clásica, 1500-1700921614aNovela españolaySiglo XVII921714aDon Quijote (Personaje ficticio)eNovela92181 aMotteux, Peter Anthonyd1663-1718eTraductor988451 aLockhart, John Gibsond1794-1854eAnotador988460 aEl Ingenioso Hidalgo Don Quijote de la Mancha aQFM 2lcccB c3091d3091 00104070aBRCAbBRCAd2009-03-26iQM1000l0o649 .B46 1891 (QM1000)p3352r2019-03-22 00:00:00w2019-03-22yB